Szolgáltatás kiépítése a gyakorlatban
| Main Author: | |
|---|---|
| Other Authors: | |
| Format: | Final Paper |
| Kulcsszavak: | webcafeteria, marketing, reklámok |
| Online Access: | http://dolgozattar.uni-bge.hu/10107 |
MARC
| LEADER | 00000nta a2200000 i 4500 | ||
|---|---|---|---|
| 001 | dolg10107 | ||
| 005 | 20170428111148.0 | ||
| 008 | 170428suuuu hu o 000 hun d | ||
| 040 | |a BGE Dolgozattár Repozitórium |b hun | ||
| 041 | |a hu | ||
| 100 | 1 | |a Újszászi Henriett | |
| 245 | 1 | 0 | |a Szolgáltatás kiépítése a gyakorlatban |c Újszászi Henriett |h [elektronikus dokumentum] |
| 516 | |a Final_paper | ||
| 695 | |a webcafeteria, marketing, reklámok | ||
| 700 | 1 | |a Bancsik György |e ths | |
| 856 | 4 | 0 | |u http://dolgozattar.uni-bge.hu/10107/1/%C3%9Ajsz%C3%A1szi%20Henriett%20Z%C3%A1r%C3%B3dolgozat.pdf |z Dokumentum-elérés |